| 000 | 00732nas a2200253 4500 | ||
|---|---|---|---|
| 001 | BR0401195 | ||
| 003 | BR-BrBNA | ||
| 005 | 20231205104412.0 | ||
| 007 | ta | ||
| 008 | 230509b bl.|||p| |||| 00| 00por d | ||
| 040 |
_aBR-BrBNA _bpor _cBiblioteca Nacional de Agricultura |
||
| 041 | _a(Pt) | ||
| 072 | _aL73 | ||
| 100 | 1 | _aSilva, P.L. da | |
| 100 | 1 | _aCoelho, H.E. | |
| 100 | 1 | _aLourenço, T.C. | |
| 245 | 1 | _aColigranulomatose (doença de Hjarre's)em codornas | |
| 650 | _aCODORNA | ||
| 650 | _aDOENÇA ANIMAL | ||
| 650 | _aBACTÉRIA PATOGÊNICA | ||
| 773 | 0 |
_tVeterinária Notícias (Brazil) _xISSN 0104-3463 _g(2002), v. 8(2) p. 111-113 _wBR0401195 |
|
| 909 |
_a202311 _bLúcia _c55 _dLúcia Elande |
||
| 942 |
_2AGRIS _n0 _cANA |
||
| 999 |
_c177959 _d177959 |
||